[Event "Stay Safe Play From Home 319"]
[Site "Emanuel Lasker Arena"]
[Date "2020.07.21"]
[Round "4"]
[White "Meini"]
[Black "Fischer_11"]
[Result "0-1"]
[WhiteElo "1578"]
[BlackElo "1996"]
[Annotator "NA"]
[PlyCount "86"]
[EventDate "2020.07.21"]
[EventType "swiss (blitz)"]

1. d4 {[%emt 0:00:01]} e5 {[%emt 0:00:02]} 2. Be3 {[%emt 0:00:02]} exd4 {[%emt 0:00:02]} 3. Bxd4 {[%emt 0:00:00]} Nc6 {[%emt 0:00:01]} 4. e3 {[%emt 0:00:01]} Nxd4 {[%emt 0:00:01]} 5. Qxd4 {[%emt 0:00:01]} Nf6 {[%emt 0:00:00]} 6. Nf3 {[%emt 0:00:01]} g6 {[%emt 0:00:00]} 7. Be2 {[%emt 0:00:01]} Bg7 {[%emt 0:00:00]} 8. Qd1 {[%emt 0:00:01]} O-O {[%emt 0:00:00]} 9. c3 {[%emt 0:00:01]} d5 {[%emt 0:00:01]} 10. Nbd2 {[%emt 0:00:00]} c5 {[%emt 0:00:00]} 11. Qc2 {[%emt 0:00:01]} Bf5 {[%emt 0:00:01]} 12. Qc1 {[%emt 0:00:02]} Ne4 {[%emt 0:00:01]} 13. Nxe4 {[%emt 0:00:01]} Bxe4 {[%emt 0:00:00]} 14. O-O {[%emt 0:00:02]} b6 {[%emt 0:00:01]} 15. Nd2 {[%emt 0:00:01]} Bf5 {[%emt 0:00:01]} 16. Nf3 {[%emt 0:00:02]} Be6 {[%emt 0:00:01]} 17. Qd1 {[%emt 0:00:03]} Qc7 {[%emt 0:00:00]} 18. Qd2 {[%emt 0:00:01]} Rad8 {[%emt 0:00:00]} 19. Rad1 {[%emt 0:00:01]} d4 {[%emt 0:00:00]} 20. exd4 {[%emt 0:00:01]} cxd4 {[%emt 0:00:00]} 21. Nxd4 {[%emt 0:00:01]} Bxa2 {[%emt 0:00:01]} 22. Bf3 {[%emt 0:00:03]} Bb3 {[%emt 0:00:02]} 23. Rde1 {[%emt 0:00:02]} Bc4 {[%emt 0:00:02]} 24. Be2 {[%emt 0:00:02]} Bxe2 {[%emt 0:00:02]} 25. Rxe2 {[%emt 0:00:01]} Bxd4 {[%emt 0:00:01]} 26. cxd4 {[%emt 0:00:02]} Qc4 {[%emt 0:00:00]} 27. Rd1 {[%emt 0:00:01]} Rd7 {[%emt 0:00:03]} 28. Re3 {[%emt 0:00:01]} Rfd8 {[%emt 0:00:01]} 29. Rd3 {[%emt 0:00:00]} Rd5 {[%emt 0:00:02]} 30. h3 {[%emt 0:00:00]} b5 {[%emt 0:00:02]} 31. Qc1 {[%emt 0:00:01]} Qxc1 {[%emt 0:00:02]} 32. Rxc1 {[%emt 0:00:01]} Rxd4 {[%emt 0:00:00]} 33. Rxd4 {[%emt 0:00:01]} Rxd4 {[%emt 0:00:00]} 34. Rc8+ {[%emt 0:00:01]} Kg7 {[%emt 0:00:01]} 35. Rc7 {[%emt 0:00:00]} a5 {[%emt 0:00:01]} 36. Rb7 {[%emt 0:00:02]} Rb4 {[%emt 0:00:01]} 37. Ra7 {[%emt 0:00:01]} a4 {[%emt 0:00:01]} 38. Rb7 {[%emt 0:00:00]} Rxb2 {[%emt 0:00:01]} 39. Kh2 {[%emt 0:00:00]} a3 {[%emt 0:00:01]} 40. f3 {[%emt 0:00:00]} a2 {[%emt 0:00:00]} 41. Kg3 {[%emt 0:00:00]} a1=Q {[%emt 0:00:01]} 42. Rb6 {[%emt 0:00:00]} Qe1+ {[%emt 0:00:01]} 43. Kh2 {[%emt 0:00:02]} Qf2 {[%emt 0:00:02] Meini gibt auf (Lag: Av=0.34s, max=0.7s)} 0-1

[Event "Stay Safe Play From Home 319"]
[Site "Emanuel Lasker Arena"]
[Date "2020.07.21"]
[Round "4"]
[White "Mamba2001de"]
[Black "Oznog"]
[Result "0-1"]
[WhiteElo "1509"]
[BlackElo "1772"]
[Annotator "NA"]
[PlyCount "66"]
[EventDate "2020.07.21"]
[EventType "swiss (blitz)"]

1. e4 {[%emt 0:00:01]} c5 {[%emt 0:00:01]} 2. Nf3 {[%emt 0:00:01]} e6 {[%emt 0:00:01]} 3. c3 {[%emt 0:00:01]} d5 {[%emt 0:00:01]} 4. exd5 {[%emt 0:00:01]} exd5 {[%emt 0:00:00]} 5. d4 {[%emt 0:00:01]} Nf6 {[%emt 0:00:01]} 6. Bg5 {[%emt 0:00:01]} Be7 {[%emt 0:00:01]} 7. Be2 {[%emt 0:00:01]} cxd4 {[%emt 0:00:01]} 8. cxd4 {[%emt 0:00:01]} O-O {[%emt 0:00:01]} 9. O-O {[%emt 0:00:01]} Qb6 {[%emt 0:00:01]} 10. b3 {[%emt 0:00:02]} Nc6 {[%emt 0:00:01]} 11. Be3 {[%emt 0:00:02]} Ng4 {[%emt 0:00:03]} 12. Nc3 {[%emt 0:00:01]} Nxe3 {[%emt 0:00:01]} 13. fxe3 {[%emt 0:00:01]} Bf6 {[%emt 0:00:01]} 14. Nxd5 {[%emt 0:00:01]} Qd8 {[%emt 0:00:02]} 15. Nxf6+ {[%emt 0:00:01]} Qxf6 {[%emt 0:00:00]} 16. Ne5 {[%emt 0:00:03]} Nxe5 {[%emt 0:00:02]} 17. Rxf6 {[%emt 0:00:02]} gxf6 {[%emt 0:00:01]} 18. dxe5 {[%emt 0:00:01]} fxe5 {[%emt 0:00:00]} 19. Qd3 {[%emt 0:00:03]} f5 {[%emt 0:00:02]} 20. Qd5+ {[%emt 0:00:03]} Kg7 {[%emt 0:00:04]} 21. Qxe5+ {[%emt 0:00:01]} Kg6 {[%emt 0:00:01]} 22. Bd3 {[%emt 0:00:03]} Bd7 {[%emt 0:00:03]} 23. Qg3+ {[%emt 0:00:01]} Kf6 {[%emt 0:00:01]} 24. Rf1 {[%emt 0:00:01]} Rae8 {[%emt 0:00:04]} 25. e4 {[%emt 0:00:01]} Re5 {[%emt 0:00:04]} 26. Qh4+ {[%emt 0:00:01]} Ke6 {[%emt 0:00:02]} 27. Qh6+ {[%emt 0:00:01]} Ke7 {[%emt 0:00:01]} 28. Qxh7+ {[%emt 0:00:01]} Kd8 {[%emt 0:00:01]} 29. exf5 {[%emt 0:00:02]} Kc7 {[%emt 0:00:01]} 30. Rc1+ {[%emt 0:00:05]} Kb8 {[%emt 0:00:02]} 31. Qxd7 {[%emt 0:00:01]} Ree8 {[%emt 0:00:07]} 32. Bc4 {[%emt 0:00:09]} Rd8 {[%emt 0:00:02]} 33. Qe6 {[%emt 0:00:03]} Rd1+ {[%emt 0:00:02] Zeit (Lag: Av=0.40s, max=0.8s)} 0-1

[Event "Stay Safe Play From Home 319"]
[Site "Emanuel Lasker Arena"]
[Date "2020.07.21"]
[Round "5"]
[White "Tran Minh Thang"]
[Black "Mamba2001de"]
[Result "1-0"]
[WhiteElo "2523"]
[BlackElo "1503"]
[Annotator "NA"]
[PlyCount "83"]
[EventDate "2020.07.21"]
[EventType "swiss (blitz)"]

1. d4 {[%emt 0:00:01]} e6 {[%emt 0:00:01]} 2. Nf3 {[%emt 0:00:01]} Nf6 {[%emt 0:00:01]} 3. c4 {[%emt 0:00:00]} d5 {[%emt 0:00:01]} 4. Nc3 {[%emt 0:00:00]} Be7 {[%emt 0:00:01]} 5. cxd5 {[%emt 0:00:01]} exd5 {[%emt 0:00:01]} 6. Bf4 {[%emt 0:00:00]} O-O {[%emt 0:00:01]} 7. e3 {[%emt 0:00:00]} c6 {[%emt 0:00:01]} 8. Bd3 {[%emt 0:00:00]} Bg4 {[%emt 0:00:01]} 9. Qc2 {[%emt 0:00:00]} Bxf3 {[%emt 0:00:01]} 10. gxf3 {[%emt 0:00:00]} h6 {[%emt 0:00:01]} 11. Rg1 {[%emt 0:00:01]} Nbd7 {[%emt 0:00:01]} 12. Bxh6 {[%emt 0:00:01]} Ne8 {[%emt 0:00:03]} 13. O-O-O {[%emt 0:00:01]} Bf6 {[%emt 0:00:01]} 14. Bf4 {[%emt 0:00:01]} Rc8 {[%emt 0:00:02]} 15. Rg4 {[%emt 0:00:01]} c5 {[%emt 0:00:01]} 16. dxc5 {[%emt 0:00:01]} Nxc5 {[%emt 0:00:01]} 17. Kb1 {[%emt 0:00:00]} Nxd3 {[%emt 0:00:01]} 18. Qxd3 {[%emt 0:00:00]} d4 {[%emt 0:00:01]} 19. Ne4 {[%emt 0:00:02]} Qb6 {[%emt 0:00:08]} 20. Rdg1 {[%emt 0:00:03]} g6 {[%emt 0:00:02]} 21. Nxf6+ {[%emt 0:00:03]} Qxf6 {[%emt 0:00:02]} 22. Rxg6+ {[%emt 0:00:01]} fxg6 {[%emt 0:00:01]} 23. Rxg6+ {[%emt 0:00:00]} Kf7 {[%emt 0:00:03]} 24. Rxf6+ {[%emt 0:00:02]} Nxf6 {[%emt 0:00:01]} 25. Qxd4 {[%emt 0:00:00]} Rcd8 {[%emt 0:00:01]} 26. Qc4+ {[%emt 0:00:01]} Kg7 {[%emt 0:00:01]} 27. Be5 {[%emt 0:00:00]} Rfe8 {[%emt 0:00:01]} 28. Qc7+ {[%emt 0:00:02]} Kg6 {[%emt 0:00:02]} 29. Bxf6 {[%emt 0:00:00]} Kxf6 {[%emt 0:00:01]} 30. Qf4+ {[%emt 0:00:01]} Kg7 {[%emt 0:00:01]} 31. e4 {[%emt 0:00:00]} Rf8 {[%emt 0:00:01]} 32. Qg5+ {[%emt 0:00:01]} Kh7 {[%emt 0:00:01]} 33. f4 {[%emt 0:00:00]} Rde8 {[%emt 0:00:02]} 34. e5 {[%emt 0:00:01]} Rg8 {[%emt 0:00:01]} 35. Qh5+ {[%emt 0:00:00]} Kg7 {[%emt 0:00:01]} 36. Qf5 {[%emt 0:00:01]} Kh8 {[%emt 0:00:02]} 37. Qf6+ {[%emt 0:00:00]} Kh7 {[%emt 0:00:01]} 38. Qf7+ {[%emt 0:00:00]} Kh8 {[%emt 0:00:02]} 39. Qh5+ {[%emt 0:00:02]} Kg7 {[%emt 0:00:02]} 40. Kc2 {[%emt 0:00:00]} Rh8 {[%emt 0:00:01]} 41. Qg5+ {[%emt 0:00:01]} Kf7 {[%emt 0:00:01]} 42. h4 {[%emt 0:00:00] Zeit (Lag: Av=0.65s, max=1.1s)} 1-0

[Event "Stay Safe Play From Home 319"]
[Site "Emanuel Lasker Arena"]
[Date "2020.07.21"]
[Round "5"]
[White "NTBT_DHS"]
[Black "TheCHESSHOUSE"]
[Result "1-0"]
[WhiteElo "2522"]
[BlackElo "2139"]
[Annotator "TA"]
[PlyCount "79"]
[EventDate "2020.07.21"]
[EventType "swiss (blitz)"]

{[%evp 9,79,-1,14,0,32,8,0,0,0,0,0,0,0,0,16,-9,9,0,0,0,-6,-22,-18,-154,-126,-125,-130,-163,-168,-180,-167,-202,-191,-200,-191,-225,-164,-225,-179,-181,-154,-171,-129,-249,-231,-268,-246,-314,-201,-236,-19,-14,54,0,36,-22,-27,-29,181,193,395,376,676,674,631,649,632,601,2063,2068,29986,29987]} 1. d4 g6 2. Nf3 Bg7 3. Bf4 d6 4. e3 Nf6 5. c3 Nc6 6. h3 {A48: 1 d4 Nf6 2 Nf3 g6: Torre, London and Colle Systems.} Bd7 7. Be2 O-O 8. O-O {The position is equal.} Re8 9. Nbd2 e5 {[#]} 10. Bh2 $146 ({Predecessor:} 10. Bg3 e4 11. Ne1 d5 12. Nc2 Be6 13. a3 Ne7 14. c4 c6 15. c5 b6 16. b4 bxc5 17. bxc5 {1-0 (73) Rojas Castillo,A (1784)-Lizarazo,A (1806) Cartagena 2019}) 10... e4 11. Ne1 $1 d5 12. c4 Ne7 13. cxd5 Nexd5 14. Rc1 c6 $36 {[%mdl 2048] Black fights for an advantage.} 15. Nc4 Bf8 16. Nd6 (16. Nc2 $11 {keeps the balance.}) 16... Bxd6 $1 $17 17. Bxd6 {[#]} Bxh3 $1 {[%mdl 512]} 18. Be5 (18. gxh3 Qxd6) 18... Be6 19. Bc4 Nd7 20. Bg3 N7b6 21. Bb3 a5 {[%cal Ba7a5,Ba5a4][%mdl 32]} 22. a3 a4 23. Bc2 (23. Bxd5 $142 Qxd5 24. Nc2) 23... f5 24. Bb1 Qf6 25. Qd2 Qf7 26. Rc5 {[#]} (26. f3 $17 Nf6 27. fxe4) 26... Nf6 $1 $19 27. Rc1 Nc4 28. Qb4 Nh5 29. Bh2 f4 $2 (29... b5 $19 {Hoping for ...Rac8.} 30. Ba2 Nf6) 30. Bxe4 $11 Na5 (30... Nf6 $11 31. Bd3 b5) 31. Rc5 (31. Nd3 $14) 31... Nb3 (31... Nf6 $5 {[%cal Rf6e4]} 32. Bf3 Nb3 $11) 32. Rxh5 (32. Re5 $14) 32... gxh5 33. Bxf4 Rf8 $2 (33... Bc4 $11 34. Bd3 b5) 34. Nf3 $18 {Ng5 is the strong threat.} Bd5 $2 {[#]} (34... Bf5) 35. Ng5 $1 {[%csl LRf7,LRh7][%cal Rg5f7][%mdl 64] Double Attack} Qg7 $2 (35... Qd7 36. Bxh7+ Kg7) 36. Bxh7+ Kh8 {[#] intending ...Nxd4.} 37. Be5 $1 {Intending Qe7 and mate.} Rf6 38. e4 Bxe4 39. Nxe4 {[%mdl 64] Pin} Qxh7 40. Nxf6 {Quite a comeback for White. Accuracy: White = 56%, Black = 45%.} 1-0

[Event "Stay Safe Play From Home 319"]
[Site "Emanuel Lasker Arena"]
[Date "2020.07.21"]
[Round "5"]
[White "AChessPlayer"]
[Black "Lazieri3"]
[Result "1/2-1/2"]
[WhiteElo "2440"]
[BlackElo "2145"]
[Annotator "TA"]
[PlyCount "144"]
[EventDate "2020.07.21"]
[EventType "swiss (blitz)"]

{[%evp 23,144,14,25,15,23,12,22,15,25,0,2,11,14,0,27,0,0,-11,-10,-11,-11,-12,0,0,0,0,13,5,56,-308,-306,-304,-290,-308,-318,-376,-370,-397,-285,-284,-265,-393,-351,-513,-340,-324,-326,-321,-296,-489,-482,-463,-431,-430,-442,-473,-456,-529,-510,-471,-479,-414,-467,-509,-512,-435,-335,-318,-135,-133,-119,-506,-494,-456,-317,-766,-796,-808,-766,-1275,-152,-146,0,0,0,0,0,0,0,0,0,0,0,0,0,0,0,0,0,0,0,0,0,0,0,0,0,0,0,0,0,0,0,0,0,0,0,0,0,0,0,0,0]} 1. Nf3 c6 2. e3 d5 3. d4 Nf6 4. c4 Bf5 5. Nc3 e6 6. Bd3 Bxd3 7. Qxd3 Bd6 8. O-O h6 9. e4 dxe4 10. Nxe4 Nxe4 11. Qxe4 O-O 12. b3 Nd7 13. Bb2 {D12: Slav Defence: 3 Nf3 Nf6 4 e3 Bf5.} Nf6 14. Qe2 Qe7 15. Rad1 Ba3 {[#]} 16. Rfe1 $146 ({Predecessor:} 16. Ba1 Bd6 17. Ne5 Rfe8 18. f4 Rad8 19. Qf3 Bc7 20. Kh1 Bxe5 21. fxe5 Nh7 22. Bc3 {0-1 (59) Saurabh,A (2258)-Anustoop,B (2052) Barcelona 2018}) 16... Bxb2 17. Qxb2 a5 18. a3 Rfd8 19. Rd2 b5 20. h3 bxc4 21. bxc4 Rab8 22. Qc3 a4 23. Rb2 Rxb2 24. Qxb2 Qc7 25. Qc2 Qa5 (25... c5 $11) 26. Qd2 $2 {[%mdl 8192]} (26. Rb1 $1 $14 {keeps the upper hand.}) 26... Qxd2 $19 {[%mdl 64] Overworked Piece} 27. Nxd2 Rxd4 {[%mdl 4096] Endgame KRN-KRN} 28. Nf3 Rxc4 29. Re3 Nd5 30. Rd3 Rc3 31. Rxc3 Nxc3 {KN-KN} 32. Nd4 (32. Ne5 $142) 32... Nb5 33. Ne2 (33. Nc2 $142) 33... Nxa3 34. Nc3 Kf8 35. Nxa4 Ke7 36. f4 $2 (36. Kf1 {was worth a try.}) 36... Kd6 37. Kf2 c5 38. Ke3 Nb5 39. Nb2 Kd5 40. Kd3 f6 41. Nc4 e5 {And now ...e4+ would win.} 42. fxe5 fxe5 43. Ne3+ Ke6 44. Kc4 Nd6+ 45. Kxc5 {[#]} Nf5 (45... h5 $1 $19 {has better winning chances.} 46. g4 hxg4 47. Nxg4 Nf5) 46. Nf1 $17 Nd4 47. Kc4 $2 {[%mdl 8192] [#]} (47. Ng3 $17) 47... Ne2 $1 $19 48. Ne3 Nf4 49. h4 $2 (49. Kb3) 49... h5 50. g3 Ne2 51. Nf1 Kf5 $2 (51... e4 $19 {is more deadly. White must now prevent ...Ke5.} 52. Kc5 Kf5 53. Ne3+ Ke5) 52. Kd3 $17 Nxg3 (52... Nc1+ $17 53. Kc2 Ne2) 53. Nxg3+ {KN-K3P. The position is equal.} Kg4 54. Ne4 Kxh4 {Hoping for ...Kh3.} 55. Ke3 g5 56. Kf3 g4+ 57. Kg2 {[#]} g3 $1 {[%mdl 512]} 58. Nxg3 Kg4 59. Nxh5 Kxh5 $11 {KP-K} 60. Kf3 (60. Kf1 {with more complications.} Kg4 61. Ke2 Kf5 62. Ke3 e4 63. Kd2) 60... Kg6 61. Ke4 Kf6 62. Ke3 Kf5 63. Kf3 e4+ 64. Ke3 Ke5 65. Ke2 Kf4 66. Kf2 e3+ 67. Ke2 Ke4 68. Ke1 Kf3 69. Kf1 Kf4 {( -> ...Kf3)} 70. Ke2 Ke4 71. Ke1 Kd4 (71... Kf4 $5) 72. Ke2 Ke4 {White happily takes the draw. Accuracy: White = 57%, Black = 83%.} 1/2-1/2

[Event "Stay Safe Play From Home 319"]
[Site "Emanuel Lasker Arena"]
[Date "2020.07.21"]
[Round "5"]
[White "Sfantul321"]
[Black "Lamborghini"]
[Result "0-1"]
[WhiteElo "1997"]
[BlackElo "2229"]
[Annotator "NA"]
[PlyCount "118"]
[EventDate "2020.07.21"]
[EventType "swiss (blitz)"]

1. c4 {[%emt 0:00:02]} g6 {[%emt 0:00:01]} 2. Nc3 {[%emt 0:00:00]} Bg7 {[%emt 0:00:00]} 3. g3 {[%emt 0:00:01]} Nf6 {[%emt 0:00:01]} 4. Bg2 {[%emt 0:00:00]} O-O {[%emt 0:00:00]} 5. e3 {[%emt 0:00:00]} c6 {[%emt 0:00:00]} 6. Nge2 {[%emt 0:00:00]} d6 {[%emt 0:00:01]} 7. O-O {[%emt 0:00:00]} Nfd7 {[%emt 0:00:00]} 8. h3 {[%emt 0:00:01]} Re8 {[%emt 0:00:00]} 9. d4 {[%emt 0:00:01]} Nf8 {[%emt 0:00:00]} 10. e4 {[%emt 0:00:01]} Be6 {[%emt 0:00:01]} 11. d5 {[%emt 0:00:01]} Bd7 {[%emt 0:00:01]} 12. Kh2 {[%emt 0:00:01]} a5 {[%emt 0:00:01]} 13. Bf4 {[%emt 0:00:02]} Na6 {[%emt 0:00:01]} 14. Qd2 {[%emt 0:00:01]} Qc7 {[%emt 0:00:02]} 15. Rac1 {[%emt 0:00:02]} Rad8 {[%emt 0:00:01]} 16. a3 {[%emt 0:00:01]} Bc8 {[%emt 0:00:03]} 17. Be3 {[%emt 0:00:03]} e5 {[%emt 0:00:01]} 18. f4 {[%emt 0:00:01]} exf4 {[%emt 0:00:01]} 19. Bxf4 {[%emt 0:00:01]} Nc5 {[%emt 0:00:03]} 20. b4 {[%emt 0:00:01]} axb4 {[%emt 0:00:01]} 21. axb4 {[%emt 0:00:01]} Ncd7 {[%emt 0:00:01]} 22. c5 {[%emt 0:00:01]} Ne5 {[%emt 0:00:01]} 23. cxd6 {[%emt 0:00:01]} Qxd6 {[%emt 0:00:01]} 24. Nb5 {[%emt 0:00:01]} cxb5 {[%emt 0:00:01]} 25. Nd4 {[%emt 0:00:02]} Nc4 {[%emt 0:00:02]} 26. Bxd6 {[%emt 0:00:02]} Nxd2 {[%emt 0:00:02]} 27. Rfd1 {[%emt 0:00:01]} Rxd6 {[%emt 0:00:02]} 28. Rxd2 {[%emt 0:00:01]} Nd7 {[%emt 0:00:00]} 29. Nxb5 {[%emt 0:00:01]} Rb6 {[%emt 0:00:02]} 30. Nc7 {[%emt 0:00:01]} Rd8 {[%emt 0:00:01]} 31. Rdc2 {[%emt 0:00:02]} Be5 {[%emt 0:00:02]} 32. d6 {[%emt 0:00:03]} Rxd6 {[%emt 0:00:01]} 33. Nd5 {[%emt 0:00:01]} Rxd5 {[%emt 0:00:05]} 34. exd5 {[%emt 0:00:01]} Nb6 {[%emt 0:00:02]} 35. Rc5 {[%emt 0:00:02]} Bd6 {[%emt 0:00:01]} 36. Rb5 {[%emt 0:00:00]} Nd7 {[%emt 0:00:01]} 37. Re1 {[%emt 0:00:02]} Ne5 {[%emt 0:00:01]} 38. Rb6 {[%emt 0:00:02]} h5 {[%emt 0:00:01]} 39. Rxd6 {[%emt 0:00:01]} Rxd6 {[%emt 0:00:00]} 40. Rxe5 {[%emt 0:00:00]} Bd7 {[%emt 0:00:00]} 41. Re8+ {[%emt 0:00:01]} Bxe8 {[%emt 0:00:02]} 42. g4 {[%emt 0:00:00]} Kf8 {[%emt 0:00:01]} 43. gxh5 {[%emt 0:00:01]} gxh5 {[%emt 0:00:00]} 44. Kg3 {[%emt 0:00:00]} f6 {[%emt 0:00:00]} 45. Kh4 {[%emt 0:00:00]} Kg7 {[%emt 0:00:00]} 46. Kg3 {[%emt 0:00:01]} Bf7 {[%emt 0:00:00]} 47. Kf4 {[%emt 0:00:00]} Bxd5 {[%emt 0:00:00]} 48. Bf1 {[%emt 0:00:01]} Rb6 {[%emt 0:00:00]} 49. b5 {[%emt 0:00:01]} Bc6 {[%emt 0:00:02]} 50. Be2 {[%emt 0:00:00]} Bxb5 {[%emt 0:00:01]} 51. Bxh5 {[%emt 0:00:01]} Bc6 {[%emt 0:00:00]} 52. Kf5 {[%emt 0:00:01]} Rb4 {[%emt 0:00:00]} 53. h4 {[%emt 0:00:01]} Rb5+ {[%emt 0:00:00]} 54. Kg4 {[%emt 0:00:01]} Rb4+ {[%emt 0:00:00]} 55. Kg3 {[%emt 0:00:01]} Rd4 {[%emt 0:00:00]} 56. Bg4 {[%emt 0:00:01]} b6 {[%emt 0:00:00]} 57. Be6 {[%emt 0:00:01]} Be8 {[%emt 0:00:01]} 58. h5 {[%emt 0:00:00]} Bxh5 {[%emt 0:00:00]} 59. Kf2 {[%emt 0:00:01]} Bg6 {[%emt 0:00:00] Time (Lag: Av=0.28s, max=0.7s)} 0-1

[Event "Stay Safe Play From Home 319"]
[Site "Emanuel Lasker Arena"]
[Date "2020.07.21"]
[Round "5"]
[White "Bardellosport"]
[Black "SoulofWolf"]
[Result "0-1"]
[WhiteElo "1993"]
[BlackElo "2153"]
[PlyCount "120"]
[EventDate "2020.07.21"]
[EventType "swiss (blitz)"]

1. d4 {[%emt 0:00:01]} d5 {[%emt 0:00:00]} 2. e3 {[%emt 0:00:00]} e6 {[%emt 0:00:00]} 3. f4 {[%emt 0:00:00]} Nd7 {[%emt 0:00:01]} 4. Nf3 {[%emt 0:00:00]} g6 {[%emt 0:00:00]} 5. Bd3 {[%emt 0:00:00]} Bg7 {[%emt 0:00:00]} 6. c3 {[%emt 0:00:00]} Ne7 {[%emt 0:00:00]} 7. Qe2 {[%emt 0:00:00]} O-O {[%emt 0:00:00]} 8. Nbd2 {[%emt 0:00:00]} f5 {[%emt 0:00:01]} 9. O-O {[%emt 0:00:00]} Nf6 {[%emt 0:00:01]} 10. Ng5 {[%emt 0:00:01]} h6 {[%emt 0:00:01]} 11. Ngf3 {[%emt 0:00:00]} Ne4 {[%emt 0:00:01]} 12. Ne5 {[%emt 0:00:01]} c5 {[%emt 0:00:02]} 13. Kh1 {[%emt 0:00:02]} b6 {[%emt 0:00:01]} 14. Rg1 {[%emt 0:00:01]} Bb7 {[%emt 0:00:00]} 15. g4 {[%emt 0:00:01]} Kh7 {[%emt 0:00:02]} 16. gxf5 {[%emt 0:00:01]} gxf5 {[%emt 0:00:00]} 17. Qg2 {[%emt 0:00:01]} Rg8 {[%emt 0:00:04]} 18. Nf7 {[%emt 0:00:03]} Qf8 {[%emt 0:00:01]} 19. Ne5 {[%emt 0:00:02]} Bxe5 {[%emt 0:00:01]} 20. Qe2 {[%emt 0:00:01]} Rxg1+ {[%emt 0:00:02]} 21. Kxg1 {[%emt 0:00:01]} Qg7+ {[%emt 0:00:01]} 22. Kh1 {[%emt 0:00:01]} Rg8 {[%emt 0:00:02]} 23. Qf1 {[%emt 0:00:03]} Bf6 {[%emt 0:00:05]} 24. Nf3 {[%emt 0:00:01]} Ng6 {[%emt 0:00:06]} 25. Bxe4 {[%emt 0:00:02]} fxe4 {[%emt 0:00:01]} 26. Ne1 {[%emt 0:00:01]} Nh4 {[%emt 0:00:01]} 27. Bd2 {[%emt 0:00:03]} cxd4 {[%emt 0:00:01]} 28. exd4 {[%emt 0:00:01]} Nf3 {[%emt 0:00:00]} 29. Nxf3 {[%emt 0:00:01]} exf3 {[%emt 0:00:00]} 30. Re1 {[%emt 0:00:04]} Bc8 {[%emt 0:00:03]} 31. Qxf3 {[%emt 0:00:02]} Qg6 {[%emt 0:00:01]} 32. Be3 {[%emt 0:00:03]} Qf7 {[%emt 0:00:02]} 33. Rf1 {[%emt 0:00:01]} Rg6 {[%emt 0:00:01]} 34. Qf2 {[%emt 0:00:00]} Qg7 {[%emt 0:00:01]} 35. f5 {[%emt 0:00:01]} exf5 {[%emt 0:00:01]} 36. Bf4 {[%emt 0:00:01]} Be6 {[%emt 0:00:01]} 37. h4 {[%emt 0:00:01]} Rg4 {[%emt 0:00:01]} 38. h5 {[%emt 0:00:01]} Rh4+ {[%emt 0:00:01]} 39. Qh2 {[%emt 0:00:02]} Rxh2+ {[%emt 0:00:01]} 40. Kxh2 {[%emt 0:00:00]} Qg4 {[%emt 0:00:01]} 41. Rf2 {[%emt 0:00:01]} Qxh5+ {[%emt 0:00:00]} 42. Kg2 {[%emt 0:00:01]} Qg4+ {[%emt 0:00:00]} 43. Kf1 {[%emt 0:00:00]} Qh3+ {[%emt 0:00:01]} 44. Ke1 {[%emt 0:00:02]} Bh4 {[%emt 0:00:00]} 45. Be3 {[%emt 0:00:02]} Qh1+ {[%emt 0:00:02]} 46. Ke2 {[%emt 0:00:01]} Bxf2 {[%emt 0:00:02]} 47. Bxf2 {[%emt 0:00:00]} Qh5+ {[%emt 0:00:01]} 48. Kd2 {[%emt 0:00:01]} Qg4 {[%emt 0:00:00]} 49. Be3 {[%emt 0:00:01]} Kg6 {[%emt 0:00:00]} 50. c4 {[%emt 0:00:01]} h5 {[%emt 0:00:00]} 51. cxd5 {[%emt 0:00:00]} b5 {[%emt 0:00:00]} 52. d6 {[%emt 0:00:01]} a6 {[%emt 0:00:00]} 53. d7 {[%emt 0:00:01]} Bxd7 {[%emt 0:00:00]} 54. d5 {[%emt 0:00:01]} Be6 {[%emt 0:00:00]} 55. Kc3 {[%emt 0:00:01]} Bd7 {[%emt 0:00:00]} 56. Kd3 {[%emt 0:00:01]} Qe4+ {[%emt 0:00:00]} 57. Ke2 {[%emt 0:00:01]} Qxd5 {[%emt 0:00:00]} 58. Kf2 {[%emt 0:00:00]} Qe4 {[%emt 0:00:00]} 59. Bd2 {[%emt 0:00:01]} Bc6 {[%emt 0:00:00]} 60. Bc3 {[%emt 0:00:00]} Kf7 {[%emt 0:00:00] Tempo (Lag: Av=0.27s, max=0.5s)} 0-1

[Event "Stay Safe Play From Home 319"]
[Site "Emanuel Lasker Arena"]
[Date "2020.07.21"]
[Round "5"]
[White "Buzaglo"]
[Black "Fischer_11"]
[Result "0-1"]
[WhiteElo "1898"]
[BlackElo "1999"]
[Annotator "NA"]
[PlyCount "100"]
[EventDate "2020.07.21"]
[EventType "swiss (blitz)"]

1. d4 {[%emt 0:00:01]} e5 {[%emt 0:00:01]} 2. Nf3 {[%emt 0:00:00]} Nc6 {[%emt 0:00:01]} 3. d5 {[%emt 0:00:01]} e4 {[%emt 0:00:01]} 4. dxc6 {[%emt 0:00:02]} exf3 {[%emt 0:00:00]} 5. cxd7+ {[%emt 0:00:01]} Bxd7 {[%emt 0:00:00]} 6. exf3 {[%emt 0:00:02]} Bd6 {[%emt 0:00:00]} 7. g3 {[%emt 0:00:02]} Nf6 {[%emt 0:00:00]} 8. Bg2 {[%emt 0:00:01]} O-O {[%emt 0:00:00]} 9. O-O {[%emt 0:00:00]} Re8 {[%emt 0:00:00]} 10. c4 {[%emt 0:00:01]} Bc6 {[%emt 0:00:00]} 11. c5 {[%emt 0:00:01]} Bxc5 {[%emt 0:00:01]} 12. Qc2 {[%emt 0:00:01]} Qe7 {[%emt 0:00:04]} 13. Nc3 {[%emt 0:00:02]} Bb6 {[%emt 0:00:02]} 14. Bg5 {[%emt 0:00:02]} h6 {[%emt 0:00:01]} 15. Bf4 {[%emt 0:00:01]} Rad8 {[%emt 0:00:03]} 16. Rad1 {[%emt 0:00:03]} Rxd1 {[%emt 0:00:01]} 17. Rxd1 {[%emt 0:00:00]} Rd8 {[%emt 0:00:00]} 18. Rxd8+ {[%emt 0:00:01]} Qxd8 {[%emt 0:00:00]} 19. Na4 {[%emt 0:00:03]} Bd4 {[%emt 0:00:12]} 20. Nc3 {[%emt 0:00:03]} Qe7 {[%emt 0:00:03]} 21. h3 {[%emt 0:00:01]} Qe1+ {[%emt 0:00:03]} 22. Bf1 {[%emt 0:00:08]} Bxc3 {[%emt 0:00:08]} 23. bxc3 {[%emt 0:00:01]} Bb5 {[%emt 0:00:01]} 24. c4 {[%emt 0:00:02]} Bc6 {[%emt 0:00:01]} 25. Qe2 {[%emt 0:00:02]} Qa5 {[%emt 0:00:05]} 26. Kg2 {[%emt 0:00:04]} Qf5 {[%emt 0:00:02]} 27. Be3 {[%emt 0:00:03]} g6 {[%emt 0:00:01]} 28. g4 {[%emt 0:00:01]} Qe6 {[%emt 0:00:01]} 29. Bxh6 {[%emt 0:00:03]} Qxe2 {[%emt 0:00:00]} 30. Bxe2 {[%emt 0:00:01]} Kh7 {[%emt 0:00:01]} 31. Bg5 {[%emt 0:00:01]} Nd7 {[%emt 0:00:01]} 32. Be7 {[%emt 0:00:01]} Nb6 {[%emt 0:00:00]} 33. Bd8 {[%emt 0:00:00]} Na8 {[%emt 0:00:01]} 34. Bxc7 {[%emt 0:00:00]} Nxc7 {[%emt 0:00:01]} 35. c5 {[%emt 0:00:00]} Ne6 {[%emt 0:00:00]} 36. g5 {[%emt 0:00:01]} Nxc5 {[%emt 0:00:00]} 37. Kg3 {[%emt 0:00:00]} Kg7 {[%emt 0:00:00]} 38. f4 {[%emt 0:00:00]} Bd5 {[%emt 0:00:00]} 39. Bf3 {[%emt 0:00:00]} Be6 {[%emt 0:00:00]} 40. Bxb7 {[%emt 0:00:01]} Bxa2 {[%emt 0:00:00]} 41. Ba8 {[%emt 0:00:00]} Bb3 {[%emt 0:00:00]} 42. h4 {[%emt 0:00:01]} a5 {[%emt 0:00:00]} 43. h5 {[%emt 0:00:00]} a4 {[%emt 0:00:00]} 44. h6+ {[%emt 0:00:00]} Kh8 {[%emt 0:00:01]} 45. f5 {[%emt 0:00:00]} a3 {[%emt 0:00:00]} 46. f6 {[%emt 0:00:00]} a2 {[%emt 0:00:00]} 47. h7 {[%emt 0:00:00]} a1=Q {[%emt 0:00:00]} 48. Be4 {[%emt 0:00:01]} Qe5+ {[%emt 0:00:00]} 49. f4 {[%emt 0:00:01]} Qxe4 {[%emt 0:00:00]} 50. Kg4 {[%emt 0:00:00]} Qf5+ {[%emt 0:00:00] . Time (Lag: Av=0.43s, max=0.8s)} 0-1